Jurassic Park 2 - Statistiques

Statistiques générales
  • Ce quiz a été pris 183 fois
  • Le résultat moyen est 17 sur 20
Statistiques - réponses
Question Réponse % Correct
Dans la ville, que fait le T-Rex en réalité? Chercher son petit
98%
Une fois arrivé à l'île Sorna, qu'est-ce qu'Ian Malcolm découvre avec stupeur? Il découvre que sa fille Kelly l'a suivi alors qu'il l'a interdite de le suivre
95%
La famille Malcolm se sauve, mais Ludlow a décidé d'emmener un T-Rex dans une ville, mais quelle ville? San Diego
95%
Avec qui Ian Malcolm part au site B? Eddie Carr et Nick Van Owen
93%
Pourquoi la famille Malcolm a été attaquée par deux T-Rex? Malcolm et Sarah ont amené un bébé T-Rex dans le campement
93%
Par quel moyen Kelly arrive a battre un raptor? Par les figures gymnastiques
93%
John Hammond proposait à Ian Malcolm d'aller au "site B", au début, Ian Malcolm a refusé car il a trouvé le site B dangereux, mais finalement il a accepté d'y aller. Pourquoi? Sa petite-amie y'est allée déjà
93%
En dépit des conseils d'Ajay, vers où les hommes courent-ils? Vers les hautes herbes
93%
Qui a pris des photos de stégosaures? Sarah Harding
91%
Que fait Ludlow en réalité? Il essaie de chasser un T-Rex
89%
Où dorment-ils? Dans les tentes
84%
Que fait Malcolm au soir du lendemain? Il libère les dinosaures capturés par les chasseurs d'InGen
84%
Comment on aperçoit que l'Isla Sorna était en réalité le "site B" ? Une fille a été mordue par des compsognathus sur l'Isla Sorna
84%
Quelle est la profession d'Eddie Carr? Expert en technologie
82%
Les scientifiques et les chasseurs décident de s'enfuir du site B. Pour cela, ils doivent marcher un jour et une nuit. Pendant le moment de la pause, pourquoi un homme, qui s'appelle probablement Dieter Stark, est tué? Il veut aller aux toilettes et il s'est perdu, puis mordu par des compsognathus
80%
Qui rencontre Ian Malcolm au début du film? Lex et Tim Murphy
80%
Comment Ludlow est-il mort? Il est tué par un T-Rex enfant
77%
Qui a fait une annonce télévisée à la fin du film? John Hammond
77%
Parmi les affirmations suivantes, laquelle est fausse? Nick Van Owen essayait de sauver les Malcolm en les remorquant avec un jeep, mais il est dévoré par 2 T-Rex
66%
Combien de minutes dure ce film? 129 minutes
59%
Aucun quiz correspondant
Distribution des résultats
% des personnes avec chaque résultat
Percentile par nombre de réponses
Votre historique - résultats
Vous n’avez pas pris ce quiz